Energy trends and prices statistical release (Record no. 114993)

MARC details
000 -LEADER
fixed length control field 01093cad a22002055a 4500
001 - CONTROL NUMBER
control field L157839
008 - FIXED-LENGTH DATA ELEMENTS--GENERAL INFORMATION
fixed length control field 130531s2013 xxk f 000 0 eng d
035 ## - SYSTEM CONTROL NUMBER
System control number (Sirsi) u157839
041 0# - LANGUAGE CODE
Language code of text/sound track or separate title eng
110 2# - MAIN ENTRY--CORPORATE NAME
Corporate name or jurisdiction name as entry element United Kingdom
Subordinate unit Department of Energy and Climate Change
9 (RLIN) 5850
245 00 - TITLE STATEMENT
Title Energy trends and prices statistical release
Remainder of title 30 May 2013
Medium [electronic resource]
260 ## - PUBLICATION, DISTRIBUTION, ETC.
Place of publication, distribution, etc. London
Name of publisher, distributor, etc. DECC
Date of publication, distribution, etc. 2013
490 #0 - SERIES STATEMENT
Series statement DECC Press Notice
Volume/sequential designation 30 May 2013
520 ## - SUMMARY, ETC.
Summary, etc. Includes statistics on energy production and consumption in total and by fuel. Statistics on monthly production and consumption of coal, electricity, gas, oil and total energy include data for the UK for the period up to the end of March 2013 while statistics on average temperatures, wind speeds, sun hours and rainfall include data for the UK for the period up to the end of April 2013.
590 ## - LOCAL NOTE (RLIN)
Local note KA
651 #4 - SUBJECT ADDED ENTRY--GEOGRAPHIC NAME
Geographic name United Kingdom
690 ## - LOCAL SUBJECT ADDED ENTRY--TOPICAL TERM (OCLC, RLIN)
Topical term or geographic name as entry element Energy
9 (RLIN) 6237
856 40 - ELECTRONIC LOCATION AND ACCESS
Uniform Resource Identifier <a href="https://www.gov.uk/government/news/energy-trends-and-prices-statistical-release-30-may-2013">https://www.gov.uk/government/news/energy-trends-and-prices-statistical-release-30-may-2013</a>
Public note View the item free of charge at www.gov.uk
942 ## - ADDED ENTRY ELEMENTS (KOHA)
Suppress in OPAC 0
Holdings
Withdrawn status Lost status Source of classification or shelving scheme Damaged status Not for loan Home library Current library Shelving location Date acquired Total Checkouts Full call number Barcode Date last seen Copy number Price effective from Koha item type
    Dewey Decimal Classification     Virtual Virtual Online 31/05/2013   ONLINE PUBLICATION 157839-2001 06/08/2019 1 06/08/2019 Journal article